000
00279nam a22001337a 4500
008
170809b xxu||||| |||| 00| 0 eng d
020
_a
9780135059234
041
_a
eng
080
_2
3RD
_a
004
100
_a
35
101
_a
SHK
245
_a
3GO !
_c
GASKIN,SH
942
_2
udc
_c
BK
999
_c
22991
_d
22991